A guide to SQL

Saved in:
Bibliographic Details
Main Author: Pratt
Format: Book
Published: Australia Thomson Technology 2001
Edition:5th ed.
Subjects:
Tags: Add Tag
No Tags, Be the first to tag this record!
Call Number :QA76.S67. 73 2001

MARC

LEADER 00000pam a2200000 4500
001 15246
003 MY-KLNDU
005 20241218060258.0
020 0 0 |a 06190338227 
035 |a 0000008055 
039 9 |y 200910081640  |z VLOAD 
090 0 0 |a QA76.S67.  |b 73 2001 
100 1 0 |a Pratt  |h Philip J. 
245 1 2 |a A guide to SQL  |c Philip J. Pratt 
250 0 0 |a 5th ed. 
260 0 0 |a Australia  |b Thomson Technology  |c 2001 
300 |a xi,260p.  |b ill.  |c 23cm 
500 0 0 |a Includes index 
650 0 0 |a SQL(computer program language) 
999 |a vtls000015672  |c 15246  |d 15246